000 00909cam a22002411i 4500
003 SA-RiAUC
005 20250702052955.0
008 250528s1989 jo a g i 00000 ara c
040 _aSA-JeALM
_bara
_cSA-RiAUC
_erda
082 0 4 _a221.3
_qSA-RiAUC
090 _a221.3
_bم ح م
100 1 _aمحمد، محمد مصطفى
_eجامع.
245 1 2 _aالفهرس الموضوعي لآيات القرآن الكريم /
_cجمع وترتيب محمد مصطفى محمد.
264 1 _aكراتشي. باكستان :
_bادارة القرآن والعلوم الاسلامية ؛
_c1976
300 _a551 صفحة :
_c24 سم.
336 _aنص
_btxt
_2rdacontent
_3كتاب
337 _aبدون وسيط
_bn
_2rdamedia
338 _aمجلد
_bnc
_2rdacarrier
630 2 7 _aالقرآن
_vكشافات
_2aucut
730 2 2 _aالقرآن
942 _2ddc
_cBOOK
_n0
949 _aSA-JeALM
_d250528
_uosman123
_n1
999 _c9374
_d9374